| 000 | 00796nam a22002417a 4500 | ||
|---|---|---|---|
| 001 | 3431 | ||
| 003 | FISKH | ||
| 005 | 20240305152329.0 | ||
| 008 | 240305b cb ||||| |||| 00| 0 eng d | ||
| 040 |
_aFISK _beng _cFISK _dFISK |
||
| 050 | _aPZ7.H74023 | ||
| 082 | _a813.54 | ||
| 100 |
_aWillis Holt Kimberly _d1960- |
||
| 245 |
_aWhen zachary beaver came to town / _cKimberly Willis Holt |
||
| 260 |
_aNew York : _bScholastic, _c2011 |
||
| 300 |
_a227 pages : _c20 cm |
||
| 505 | _aM | ||
| 520 | _aDuring the summer of 1971 in a small Texas town, thirteen-year-old Toby and his best friend Cal meet the star of a sideshow act, 600-pound Zachary, the fattest boy in the world. | ||
| 521 | 8 |
_a700 _bLexile |
|
| 700 | _aWillis Holt Kimberly | ||
| 942 |
_2ddc _cBK _n0 |
||
| 999 |
_c3431 _d3431 |
||